Normal view
MARC view
- عمران ، محمد السيد
Entry Personal Name
001 - CONTROL NUMBER
- control field: 19959
003 - CONTROL NUMBER IDENTIFIER
- control field: JO-AjAnu
005 - DATE AND TIME OF LATEST TRANSACTION
- control field: 20230606073459.0
008 - FIXED-LENGTH DATA ELEMENTS
- fixed length control field: 230606|| aca||aabn | a|a d
040 ## - CATALOGING SOURCE
- Original cataloging agency: JO-AjAnu
- Transcribing agency: JO-AjAnu
100 ## - HEADING--PERSONAL NAME
- Personal name: عمران ، محمد السيد
670 ## - SOURCE DATA FOUND
- Source citation: Work cat.: (JO-AjAnu)10248: عمران ، محمد السيد , author, حماية المستهلك أثناء تكوين العقد " دراسة مقارنة مع دراسة تحليلية وتطبيقية للنصوص الخاصة بحماية المستهلك "